BIBLIOTECA PODER JUDICIAL
Portal Judicial TDF

Ley de Identidad de Género : (Registro nro. 6067)

000 -LEADER
fixed length control field 01041nab a22002297a 4500
003 - CONTROL NUMBER IDENTIFIER
control field OSt
005 - DATE AND TIME OF LATEST TRANSACTION
control field 20260121004031.0
008 - FIXED-LENGTH DATA ELEMENTS--GENERAL INFORMATION
fixed length control field 190514b xxu||||| |||| 00| 0 spa d
040 ## - CATALOGING SOURCE
Transcribing agency PJ
100 ## - MAIN ENTRY--PERSONAL NAME
9 (RLIN) 5661
Personal name Curti, Patricio J.
245 10 - TITLE STATEMENT
Title Ley de Identidad de Género :
Remainder of title el art. 8° bajo la lupa constitucional /
Statement of responsibility, etc Patricio J. Curti.
300 ## - PHYSICAL DESCRIPTION
Extent p. 105-110
500 ## - GENERAL NOTE
General note Cita: TR LALEY AR/DOC/980/2024.
505 ## - FORMATTED CONTENTS NOTE
Formatted contents note Sumario: I. Nuestro punto de partida.— II. El quid.— III. La "reversión".— IV. Palabras finales.
505 ## - FORMATTED CONTENTS NOTE
Title Fallo comentado: JFam. 2a Nom., Catamarca ~ 20/10/2023 ~ E. E., M. Á. s/ rectificación judicial de identidad de género.
650 #0 - SUBJECT ADDED ENTRY--TOPICAL TERM
9 (RLIN) 967
Topical term or geographic name as entry element DERECHO DE FAMILIA
650 #0 - SUBJECT ADDED ENTRY--TOPICAL TERM
9 (RLIN) 4305
Topical term or geographic name as entry element DERECHO A LA IDENTIDAD DE GÉNERO
650 #0 - SUBJECT ADDED ENTRY--TOPICAL TERM
9 (RLIN) 3533
Topical term or geographic name as entry element INTERPRETACION DE LA LEY
650 #0 - SUBJECT ADDED ENTRY--TOPICAL TERM
9 (RLIN) 1057
Topical term or geographic name as entry element JURISPRUDENCIA APLICABLE
773 0# - HOST ITEM ENTRY
Host Biblionumber 2844
Host Itemnumber 3222
Place, publisher, and date of publication Buenos Aires : AbeledoPerrot, 1989-
Title Derecho de familia. Revista Interdisciplinaria de doctrina y jurisprudencia. Junio 2024-III.
International Standard Book Number 18511201
942 ## - ADDED ENTRY ELEMENTS (KOHA)
Source of classification or shelving scheme
Koha item type Analítica Artículo de Revista

No hay ítems disponibles.

12 de Octubre 789 Ushuaia - Tel:  54(02901)441571
Horario de Atención: 8.00 a 17.00 hs. 
bibliotecaush@justierradelfuego.gov.ar
koha@justierradelfuego.gov.ar
Seguinos en nuestras redes @bibliojustdf 

Con tecnología Koha